Arrondissements de France sur une carte vierge - Statistiques

Statistiques générales
  • Ce quiz a été pris 941 fois
  • Le résultat moyen est 154 sur 334
Réponses sur la Carte
Les réponses sont colorées sur une échelle allant du rouge au vert en fonction du pourcentage des utilisateurs qui les ont devinées à leur premier essai. Vous pouvez retrouver ces pourcentages ci-dessous.
 
Statistiques - réponses
Code Arrondissement % Correct
75 1 Paris
89%
13 3 Marseille
84%
54 4 Toul
83%
59 5 Lille
81%
69 1 Lyon
81%
44 2 Nantes
81%
06 2 Nice
81%
33 2 Bordeaux
80%
34 3 Montpellier
80%
31 3 Toulouse
80%
29 1 Brest
79%
35 3 Rennes
79%
67 8 Strasbourg
79%
83 2 Toulon
78%
14 2 Caen
77%
17 3 La Rochelle
77%
30 2 Nîmes
77%
76 3 Rouen
77%
66 2 Perpignan
76%
93 3 | 974 1 Saint-Denis
76%
37 2 Tours
76%
60 2 Clermont
75%
63 2 Clermont-Ferrand
75%
59 4 Dunkerque
75%
45 2 Orléans
75%
29 4 Quimper
75%
80 2 Amiens
74%
21 2 Dijon
74%
38 1 Grenoble
74%
76 2 Le Havre
74%
57 9 Metz
74%
54 3 Nancy
74%
64 3 Pau
74%
51 3 Reims
74%
42 3 Saint-Étienne
74%
49 1 Angers
73%
35 4 Saint-Malo
73%
13 1 Aix-en-Provence
72%
74 1 Annecy
72%
84 2 Avignon
72%
62 6 Calais
72%
11 1 Carcassonne
72%
72 3 Le Mans
72%
87 2 Limoges
72%
68 4 Mulhouse
72%
86 3 Poitiers
72%
56 1 Lorient
71%
56 3 Vannes
71%
78 4 Versailles
71%
64 1 Bayonne
70%
68 2 Colmar
70%
26 3 Valence
70%
85 2 La Roche-sur-Yon
69%
10 3 Troyes
69%
25 1 Besançon
68%
34 1 Béziers
68%
73 2 Chambéry
68%
50 2 Cherbourg-en-Cotentin
68%
22 4 Saint-Brieuc
68%
2A 1 Ajaccio
67%
90 1 Belfort
67%
01 2 Bourg-en-Bresse
67%
05 2 Gap
67%
79 2 Niort
67%
62 1 Arras
66%
18 1 Bourges
66%
50 4 Saint-Lô
66%
81 1 Albi
65%
16 1 Angoulême
65%
13 2 Arles
65%
89 1 Auxerre
65%
2B 2 Bastia
65%
08 1 Charleville-Mézières
65%
11 3 Narbonne
65%
44 3 Saint-Nazaire
65%
60 1 Beauvais
64%
36 2 Châteauroux
64%
27 3 Évreux
64%
53 2 Laval
64%
82 2 Montauban
64%
47 1 Agen
63%
28 1 Chartres
63%
58 3 Nevers
63%
41 1 Blois
62%
09 1 Foix
62%
62 7 Lens
62%
40 2 Mont-de-Marsan
62%
24 3 Périgueux
62%
65 3 Tarbes
62%
94 1 Créteil
61%
71 5 Mâcon
61%
92 2 Nanterre
61%
12 2 Rodez
61%
77 2 Melun
60%
03 2 Moulins
60%
19 2 Tulle
60%
59 6 Valenciennes
60%
61 1 Alençon
59%
15 1 Aurillac
59%
51 1 Châlons-en-Champagne
59%
26 1 Die
59%
04 3 Digne-les-Bains
59%
88 1 Épinal
59%
91 2 Évry-Courcouronnes
59%
02 2 Laon
59%
43 2 Le Puy-en-Velay
59%
48 2 Mende
59%
40 1 Dax
58%
02 3 Saint-Quentin
58%
33 6 Arcachon
57%
32 1 Auch
57%
62 3 Boulogne-sur-Mer
57%
95 3 Cergy-Pontoise
57%
76 1 Dieppe
57%
93 1 Bobigny
56%
03 3 Vichy
56%
23 2 Guéret
55%
77 1 Meaux
55%
07 2 Privas
55%
70 2 Vesoul
55%
30 1 Alès
54%
19 1 Brive-la-Gaillarde
54%
46 1 Cahors
54%
973 1 Cayenne
54%
972 1 Fort-de-France
54%
06 1 Grasse
54%
74 4 Thonon-les-Bains
54%
81 2 Castres
53%
71 2 Chalon-sur-Saône
53%
85 3 Les Sables-d’Olonne
53%
972 4 | 974 2 Saint-Pierre
53%
974 4 Saint-Paul
52%
971 1 Basse-Terre
51%
92 3 Boulogne-Billancourt
51%
59 3 Douai
51%
39 2 Lons-le-Saunier
51%
17 4 Saintes
51%
55 3 Verdun
51%
38 3 Vienne
50%
55 1 Bar-le-Duc
49%
24 1 Bergerac
49%
05 1 Briançon
49%
28 3 Dreux
49%
976 1 Mamoudzou
49%
12 1 Millau
49%
62 4 Montreuil
49%
42 2 Roanne
49%
73 1 Albertville
48%
95 1 Argenteuil
48%
52 1 Chaumont
48%
83 1 Draguignan
48%
80 1 Abbeville
47%
13 4 Istres
47%
49 2 Cholet
46%
60 3 Compiègne
45%
2B 3 Corte
45%
77 4 Fontainebleau
45%
35 1 Fougères
45%
53 3 Mayenne
45%
14 1 Bayeux
44%
2B 5 Calvi
44%
22 2 Guingamp
44%
25 2 Montbéliard
44%
03 1 Montluçon
44%
62 5 Saint-Omer
44%
08 3 Sedan
44%
18 3 Vierzon
44%
69 2 Villefranche-sur-Saône
44%
22 3 Lannion
43%
14 3 Lisieux
43%
973 2 Saint-Laurent-du-Maroni
43%
49 3 Saumur
43%
16 2 Cognac
42%
39 1 Dole
42%
33 5 Libourne
42%
29 3 Morlaix
42%
971 2 Pointe-à-Pitre
42%
78 1 Mantes-la-Jolie
41%
78 2 Rambouillet
41%
17 2 Rochefort
41%
89 3 Sens
41%
02 4 Soissons
41%
57 7 Thionville
41%
92 1 Antony
40%
04 1 Barcelonnette
40%
84 3 Carpentras
40%
22 1 Dinan
40%
67 2 Haguenau
40%
52 3 Saint-Dizier
40%
78 3 Saint-Germain-en-Laye
40%
47 3 Villeneuve-sur-Lot
40%
65 1 Argelès-Gazost
39%
50 1 Avranches
39%
62 2 Béthune
39%
59 2 Cambrai
39%
63 4 Riom
39%
21 1 Beaune
38%
86 1 Châtellerault
38%
45 1 Montargis
38%
91 1 Étampes
37%
56 2 Pontivy
37%
95 2 Sarcelles
37%
84 1 Apt
36%
35 2 Redon
36%
24 4 Sarlat-la-Canéda
36%
02 1 Château-Thierry
35%
37 1 Chinon
35%
01 3 Gex
35%
64 2 Oloron-Sainte-Marie
35%
15 3 Saint-Flour
35%
51 4 Vitry-le-François
35%
44 5 Châteaubriant
34%
63 3 Issoire
34%
72 1 La Flèche
34%
67 5 Sélestat
34%
14 4 Vire
34%
57 3 Forbach
33%
01 4 Nantua
33%
09 2 Pamiers
33%
65 2 Bagnères-de-Bigorre
31%
46 2 Figeac
31%
85 1 Fontenay-le-Comte
31%
47 2 Marmande
31%
25 3 Pontarlier
31%
66 3 Prades
31%
77 3 Provins
31%
88 3 Saint-Dié-des-Vosges
31%
31 2 Saint-Gaudens
31%
57 5 Sarrebourg
31%
19 3 Ussel
31%
71 1 Autun
30%
32 2 Condom
30%
94 2 Nogent-sur-Marne
30%
10 2 Nogent-sur-Seine
30%
91 3 Palaiseau
30%
57 6 Sarreguemines
30%
60 4 Senlis
30%
63 5 Thiers
30%
45 3 Pithiviers
29%
61 2 Argentan
28%
66 1 Céret
28%
29 2 Châteaulin
28%
48 1 Florac
28%
36 4 Issoudun
28%
52 2 Langres
28%
36 1 Le Blanc
28%
33 4 Lesparre-Médoc
28%
11 2 Limoux
28%
37 3 Loches
28%
54 2 Lunéville
28%
31 1 Muret
28%
974 3 Saint-Benoît
28%
17 5 Saint-Jean-d’Angély
28%
73 3 Saint-Jean-de-Maurienne
28%
2A 4 Sartène
28%
41 2 Vendôme
28%
10 1 Bar-sur-Aube
27%
58 1 Château-Chinon
27%
28 2 Châteaudun
27%
50 3 Coutances
27%
51 2 Épernay
27%
93 2 Le Raincy
27%
94 3 L’Haÿ-les-Roses
27%
34 2 Lodève
27%
39 3 Saint-Claude
27%
12 3 Villefranche-de-Rouergue
27%
04 2 Castellane
26%
74 3 Saint-Julien-en-Genevois
26%
07 3 Tournon-sur-Rhône
26%
89 2 Avallon
25%
04 4 Forcalquier
25%
17 1 Jonzac
25%
28 4 Nogent-le-Rotrou
25%
79 3 Parthenay
25%
09 3 Saint-Girons
25%
59 1 Avesnes-sur-Helpe
24%
01 1 Belley
24%
33 1 Blaye
24%
79 1 Bressuire
24%
82 1 Castelsarrasin
24%
58 4 Cosne-Cours-sur-Loire
24%
38 2 La Tour-du-Pin
24%
27 1 Les Andelys
24%
26 2 Nyons
24%
41 3 Romorantin-Lanthenay
24%
67 4 Saverne
24%
77 5 Torcy
24%
23 1 Aubusson
23%
74 2 Bonneville
23%
83 3 Brignoles
23%
53 1 Château-Gontier
23%
42 1 Montbrison
23%
43 3 Yssingeaux
23%
63 1 Ambert
22%
87 1 Bellac
22%
27 2 Bernay
22%
33 3 Langon
22%
07 1 Largentière
22%
30 3 Le Vigan
22%
70 1 Lure
22%
15 2 Mauriac
22%
32 3 Mirande
22%
80 4 Péronne
22%
08 2 Rethel
22%
18 2 Saint-Amand-Montrond
22%
43 1 Brioude
21%
67 3 Molsheim
21%
80 3 Montdidier
21%
973 3 Saint-Georges
21%
68 6 Thann
21%
02 5 Vervins
21%
58 2 Clamecy
20%
36 3 La Châtre
20%
972 2 La Trinité
20%
71 4 Louhans
20%
21 3 Montbard
20%
86 2 Montmorillon
20%
61 3 Mortagne-au-Perche
20%
24 2 Nontron
20%
68 1 Altkirch
19%
55 2 Commercy
19%
46 3 Gourdon
19%
972 3 Le Marin
19%
72 2 Mamers
19%
47 4 Nérac
19%
88 2 Neufchâteau
19%
87 3 Rochechouart
19%
49 4 Segré
19%
71 3 Charolles
18%
16 3 Confolens
18%
08 4 Vouziers
17%
54 1 Val de Briey
16%
Aucun quiz correspondant
Distribution des résultats
% des personnes avec chaque résultat
Percentile par nombre de réponses
Votre historique - résultats
Vous n’avez pas pris ce quiz